000 00884nam a2200217Ii 4500
003 JO-AjNU
008 230605s9999||||xx |||||||||||||| ||und||
017 _a2005/12/2900
040 _aJO-AjNU
_bara
_erda
_cJO-AjNU
041 _aara
050 1 4 _aBJ1291.2005
100 3 _aجمع وترتيب العطار،مجدي واصف محمود,
_eauthor
_924887
245 0 0 _aكتب في علم التزكية:الآيات القرآنية-الاحاديث الشريفة-الاخبار-الحكم-احوال السلف-ابيات الشعر-القصص
264 3 1 _aعمان:مجدي واصف محمود العطار ،2005
300 _a175ص
336 _atext
_btxt
_2rdacontent
337 _aunmediated
_bn
_2rdamedia
338 _avolume
_bnc
_2rdacarrier
490 0 _aسلسلة من كل بستان زهرة2
650 4 _aالاداب الاسلامية-الاسلام
_924888
999 _aA9236
_c12804
_d12804